Šesť starých dievok a jeden chlap

Bibliographic Details
Main Author: Mlčoušek, Vladimír, 1949- (Author)
Format: Article
Language:Slovak
Subjects:

MARC

LEADER 00000nab a2200000 a 4500
001 vtls000249241
003 SK-MaSNL
005 20260303205902.0
008 111130c1986 xo 0 slo
015 |a SNBRB19rr/mm-uuuuu 
035 |a CL0259355 
040 |a SNKBUCL  |b slo  |c SNKBUCL  |e AACR2 
041 0 |a slo 
044 |a xo  |c SK 
080 |a 7.097  |2 1981 
100 1 |a Mlčoušek, Vladimír,  |d 1949-  |4 aut  |9 103415 
245 1 0 |a Šesť starých dievok a jeden chlap  |c Vladimír Mlčoušek ; Otio Ioseliani 
610 2 7 |a Československá televízia  |2 snkbucl  |9 215938 
650 0 7 |a Ioseliani, Otia  |2 snkbucl  |9 1205978 
651 7 |a 5100  |2 snkbucl  |9 166206 
655 7 |a články z novín a časopisov  |2 snkbucl  |9 267496 
773 0 |t Pravda  |g Roč. 67, č. 131 (6. 6. 1986), s. 5 
850 |a Slovenská národná knižnica v Martine  |a MTA001 
852 |a SNK  |b KIS3GCP 
958 |a RK 
958 |a SU 
992 |a RBX 
999 |c 2197621  |d 2199551